Videospiele in Blurry - Statistiken

Allgemein
  • Dieses Quiz wurde 1.871 mal gespielt
  • Das Durchschnittsergebnis liegt bei 7 aus 16
Antwortstatistiken
Bildquiz Antwort % Korrekt
Fall Guys
93%
Super Mario
89%
League of Legends
84%
Just Dance
56%
Dark Souls
55%
Getting Over It
48%
Skyrim
47%
Kingdom Hearts
45%
Baldur's Gate 3
31%
Genshin Impact
30%
Wreckfest
30%
Stray
28%
Plate Up
26%
Diablo 4
19%
F1 22
9%
Borderlands 3
6%
Keine übereinstimmenden Quizze gefunden
Verteilung der Resultate
Anzahl Personen mit jedem Resultat
Perzentil nach korrekt beantworteten Fragen
Ihre Resultats-Entwicklung
Sie haben dieses Quiz noch nicht gespielt